000 00991nam a22003137a 4500
003 CHAP
005 20220329134745.0
008 971013s1979 r 00010 d
010 _a25349
011 _a26321
035 _a30422
040 _cCHAP
090 _aFolleto 6331
100 0 0 _aBrundenius, Claes.
_915771
245 _aMeasuring economic growth and income distribution in revolutinary Cuba
260 _aLund :
_bUniversity of Lund,
_c1979
300 _a34 p.
_b; gráfs.
490 _aDiscussion paper
_v; 130
590 _aBATCH-UPD
_b10
_c20130110
_lUCH01
_h0021
590 _aBATCH-UPD
_b10
_c20130110
_lUCH01
_h2325
590 _aBATCH-UPD
_b10
_c20130409
_lUCH01
_h2000
590 _aBATCH-UPD
_b10
_c20130914
_lUCH01
_h1110
590 _aCONVERSION
_b10
_c20130109
_lUCH01
_h1315
650 1 4 _aCuba
_xCondiciones económicas.
_929947
830 0 _aDiscussion paper
_v; 130
_932718
901 _aBK
942 _cFOLL
949 _aFolleto 6331
_bBC
_cFOLL
_d-70593
_eTS1
_i30422
_si
999 _c25349
_d25349